000 00752nas a2200241 4500
001 BR8802686
003 BR-BrBNA
005 20231205091127.0
007 ta
008 230509b bl.|||p| |||| 00| 00por d
040 _aBR-BrBNA
_bpor
_cBiblioteca Nacional de Agricultura
041 _a(Pt)
072 _aL73
100 1 _aMejia, M.A.
245 1 _aAvaliacao da eficacia do Mastilac na terapeutica da mastite bovina
246 1 _aEvaluation of efficacy of mastilac in the therapeuties of bovine mastitis
650 _aVACA
650 _aMAMITE
650 _aMEDICAMENTO
773 0 _tHora Veterinaria (Brazil)
_xISSN 0101-9163
_g(Jul-Aug 1987), v. 7(38) p. 5-8
_wBR8802686
909 _a202311
_bLúcia
_c55
_dLúcia Elande
942 _2AGRIS
_n0
_cANA
999 _c122967
_d122967